| 000 | 00598nam a22001577a 4500 | ||
|---|---|---|---|
| 003 | macl | ||
| 005 | 20240211125318.0 | ||
| 008 | 240211b |||||||| |||| 00| 0 eng d | ||
| 040 | _cmacl | ||
| 082 | _a891.433/MAH/S | ||
| 100 |
_a सम्पा उमेश महादोषी _982299 |
||
| 245 | _aमधुदीप की 66 लघुकथाऍं और उनकी पडताल पडाव और पडताल खण्ड 19 | ||
| 260 |
_aदिल्ली _bदिशा प्रकाशन _c2016 |
||
| 650 |
_aलघुकथाऍं _974878 |
||
| 942 |
_2ddc _cHIN |
||
| 999 |
_c66759 _d66759 |
||